000 00543nam a2200205Ia 4500
005 20250923144431.0
008 008 250917s9999 xx 000 0 eng d
037 _aTextual
040 _aDSWL
_beng
_cDSWL
041 _aeng
_2eng
084 _aY1:5::2:N4, J1
_qDSWL
100 _aDavis, K
_9824852
245 4 _aThe population of India and Pakistan
_cby K Davis
260 _c1951
300 _a263 p.
365 _aUSD
_b7.5
925 _g7.5
942 _cTEXL
_hY1:5::2:N4, J1
999 _c1438842
_d1438842